000 00692nam a2200265Ia 4500
003 OSt
005 20220918192610.0
006 a|||||r|||| 00| 0
007 ta
008 220917b |||||||| |||| 00| 0 eng d
024 _a69,243
037 _cTextual
040 _aARTS
_cARTS
_beng
041 _2eng
_aeng
082 _aQ4w2,N, M9
100 _aAhir D C
245 0 _aPioneers of buddhist revival in India
260 _aDelhi
_bSri Satguru India
_c1989
300 _aviii,170p.
_ccm.
490 _aBibliotheca indo-buddhica; 70
500 _aIncludes index
650 _aRELIGION
942 _hQ4w2,N, M9
_cTEXL
_2CC
999 _c195406
_d195406